Score 0/20 Timer 02:00
1 Play Today
Missing Word % Correct
Friends
94.8%
Sarah
92.9%
Dazed
85.6%
Book
83.9%
Dollar
81.7%
Powerful
81.4%
Resident
72.8%
Element
71.6%
Swan
67.6%
Got
60.8%
Missing Word % Correct
Over
39.9%
Max
35.5%
Date
26.4%
Tina
26.1%
Musketeers
23.5%
Perfect
20.8%
Faces
15.2%
Kind
13.5%
Messenger
6.1%
Person
2.6%

Today's Daily Dose

Quick Pick
Colorful Movies

Get the Picture
Dog Breeds II

Remove Ads.
Support Sporcle.
Get the best of Sporcle when you Go Orange. This ad-free experience offers more features, more stats, and more fun while also helping to support Sporcle. Thank you for becoming a member.

You're not logged in!

Compare scores with friends on all Sporcle quizzes.
OR
Log In

Show Comments

Extras

Top Quizzes Today


Score Distribution

Your Account Isn't Verified!

In order to create a playlist on Sporcle, you need to verify the email address you used during registration. Go to your Sporcle Settings to finish the process.

Report this User

Report this user for behavior that violates our Community Guidelines.

Details: